Mesto s priaznivým vývojom

Bibliographic Details
Main Author: Bergou, Oľga (Author)
Format: Article
Language:Slovak
Subjects:

MARC

LEADER 00000nab a2200000 a 4500
001 vtls000132145
003 SK-MaSNL
005 20260303032312.0
008 111104c1982 xo 0 slo
015 |a SNBRB19rr/mm-uuuuu 
035 |a CL0142251 
040 |a SNKBUCL  |b slo  |c SNKBUCL  |e AACR2 
041 0 |a slo 
044 |a xo  |c SK 
080 |a 330.5  |2 1981 
080 |a 308  |2 1981 
100 1 |a Bergou, Oľga  |4 aut  |9 924300 
245 1 0 |a Mesto s priaznivým vývojom  |c Oľga Bergou 
650 0 7 |a životná úroveň  |2 snkbucl  |9 2211 
651 7 |a 5404  |2 snkbucl  |9 351966 
651 7 |a Moldava nad Bodvou (Slovensko)  |2 snkbucl  |9 20255 
655 7 |a články z novín a časopisov  |2 snkbucl  |9 267496 
773 0 |t Národné výbory  |g Č. 20 (1982), s. 32 
850 |a Slovenská národná knižnica v Martine  |a MTA001 
852 |a SNK  |b KIS3GCP 
958 |a RK 
992 |a RBX 
999 |c 1663613  |d 1665543